| 000 | 01425nam a2200217Ia 4500 | ||
|---|---|---|---|
| 003 | Ost | ||
| 005 | 20260507075012.0 | ||
| 008 | 260507s9999||||xx |||||||||||||| ||und|| | ||
| 040 | _cfsecg | ||
| 041 | _aara | ||
| 082 | _a658 | ||
| 100 |
_aأبوبكر، مصطفى محمود _eمؤلف |
||
| 245 | 0 |
_aالتنظيم الإداري في المنظمات المعاصرة : _bمدخل تطبيقي لإعداد وتطوير التنظيم الإداري للمنشآة المتخصصة(شركات استثمار عقاري-مكاتب إستشارية)-(فنادق-منشآت سياحية-مستشفيات) / _c مصطفى محمود أبوبكر |
|
| 260 |
_aالقاهرة: _bالدار الجامعية, _c2003 |
||
| 300 |
_a547 صفحة؛ _c24 سم |
||
| 520 | _aأنواع وخصائص المنظمات وأسس تحديد التنظيم الإداري الملائم-بيئة المنظمة والتنظيم الإداري الملائم-التنظيم الإداري الفعال-الهيكل التنظيمي-الإختصاصات التنظيمية-الهيكل الوظيفي ونظام الصلاحيات-الرؤية الإستراتيجية لإعداد وتطوير التنظيم الإداري-الإطار العام لتقديم خدمات إعداد وتطوير التنظيم | ||
| 653 | _aالادارة العامة | ||
| 653 | _aالتنظيم | ||
| 653 | _aالمنظمات | ||
| 942 | _cكتاب | ||
| 999 |
_c42173 _d42173 |
||